Music (notice n° 2061961)
[ vue normale ]
| 000 -LEADER | |
|---|---|
| fixed length control field | 00769cam a2200157 4500500 |
| 005 - DATE AND TIME OF LATEST TRANSACTION | |
| control field | 20260405002853.0 |
| 041 ## - LANGUAGE CODE | |
| Language code of text/sound track or separate title | fre |
| 042 ## - AUTHENTICATION CODE | |
| Authentication code | dc |
| 100 10 - MAIN ENTRY--PERSONAL NAME | |
| Personal name | Decleire, Vincent |
| Relator term | author |
| 245 00 - TITLE STATEMENT | |
| Title | Music |
| 260 ## - PUBLICATION, DISTRIBUTION, ETC. | |
| Date of publication, distribution, etc. | 2012.<br/> |
| 500 ## - GENERAL NOTE | |
| General note | 71 |
| 520 ## - SUMMARY, ETC. | |
| Summary, etc. | Concentrated around the denunciation of masculine domination and focused on the need for emancipation, studies of gender have stigmatized a certain number of questions about “woman”. An approach considering the experience of the feminine is however not necessarily synonymous with conservatism, nor antifeminism, nor essentialism. |
| 786 0# - DATA SOURCE ENTRY | |
| Note | Études | Volume 417 | 9 | 2012-09-01 | p. 248-249 | 0014-1941 |
| 856 41 - ELECTRONIC LOCATION AND ACCESS | |
| Uniform Resource Identifier | <a href="https://shs.cairn.info/journal-etudes-2012-9-page-248?lang=en&redirect-ssocas=7080">https://shs.cairn.info/journal-etudes-2012-9-page-248?lang=en&redirect-ssocas=7080</a> |
Pas d'exemplaire disponible.




Réseaux sociaux